| 000 | 00000nam##2200000za#4500 |
| 001 | 9.631956 |
| 003 | CaOODSP |
| 005 | 20221003132834 |
| 007 | cr ||||||||||| |
| 008 | 150407|2005||||xxc|||||o f|0| 0 fre|d |
| 020 | |a0-662-79893-7 |
| 040 | |aCaOODSP|bfre |
| 043 | |an-cn--- |
| 086 | 1 |aMR21-61/2005F-PDF |
| 110 | 2 |aInstitut de génétique (Canada) |
| 245 | 10|aGuide à l'intention des nouveaux chercheurs principaux / |h[ressource électronique]|cRoderick McInnes, Brenda Andrews, Richard Rachubinski. |
| 260 | |aOttawa - Ontario : |bInstituts de recherche en santé du Canada. |c2005. |
| 300 | |a34p.|bréférences |
| 500 | |a«Conseils sur la façon de présenter une demande de subvention, la rédaction de publications, l'établissement d'une équipe de recherche et la gestion de votre temps». l'ISBN (0-662-69007-9) et le n° de catalogu (MR21-61/2005) pour l'édition imprimée bilingue ont été incorrectement copiés dans l'édition pdf. |
| 590 | |a12-40-Supp|b2012-10-23 |
| 720 | 1 |aMcInnes, Roderick |
| 720 | 1 |aAndrews, Brenda |
| 720 | 1 |aRachubinski, Richard |
| 775 | 08|tGuidebook for new principal investigators / |w(CaOODSP)9.687507 |
| 856 | 40|ahttp://publications.gc.ca|qPDF|s1544 Ko|uhttps://publications.gc.ca/collections/collection_2012/irsc-cihr/MR21-61-2005-fra.pdf |